| 000 | 00767nam a22001937a 4500 | ||
|---|---|---|---|
| 003 | BDDh-ASL | ||
| 005 | 20231015031351.0 | ||
| 008 | 230503m19852006b ||||| |||| 00| 0 b d | ||
| 040 | _cBDDh-ASL | ||
| 041 | _abengali | ||
| 082 |
_a910.02 _bISP |
||
| 100 | 1 |
_aইসলাম, মোহাম্মদ নজরুল _cপ্রফেসর _98164 |
|
| 245 | 1 | 0 | _aপ্রাকৃতিক ভূগোল। / |
| 246 | _aPrakritik Bhugol. | ||
| 260 |
_aঢাকা: _bআইডিয়াল লাইব্রেরী, _c২০০৬। |
||
| 300 |
_a৫৩৪ পৃষ্ঠা: _bছবি; _c২৩ সে.মি. |
||
| 650 | 0 |
_aGeography (ভূগোল) _95601 _xপ্রাকৃতিক ভূগোল, Physical Geography |
|
| 942 |
_2ddc _cBK |
||
| 999 |
_c32243 _d32243 |
||